00636nam a2200181 i 450000100060000000300090000600500170001500700030003200800410003510000260007624500880010226000340019030000220022470000370024685200320028399900170031595201220033235544ES-MaACL20230906155142.0t|030213s1972 sp ||||1| spa d1 aBower, Marvin.93113513aLa voluntad directiva / cMarvin Bower ; [traducción de Enrique Muñoz Latorre]. aBarcelona : bLabor, c[1972] a207 p. ; c23 cm.1 aLatorre Muñoz, Enrique.970541 aES-MaACLjC-49721 bR.84635 c35544d35544 00104070aATENEOMbATENEOMcDEPO2d2008-01-17eSCl0oC-49721p1037208r2023-02-23 00:00:00w2023-02-23yMONOGRAFIA